000 00827nmc a2200313 a 4500
003 AR-BaBNM
005 20251128205704.0
008 258019s1987 ||||||||||||||000 | spa||
020 _a84-206-2309-1
040 _cAR-BaBNM
100 1 _aArendt, Hannah
245 1 0 _aLos orĂ­genes del totalitarismo
_bantisemitismo
_n1
260 _aMadrid
_bAlianza Editorial
_c1987
300 0 _a186 p.
490 0 _aAlianza Universidad
_vv. 309
600 1 4 _aDreyfus, Alfred
650 4 _aANTISEMITISMO
650 4 _aDISCRIMINACION RACIAL
650 4 _aPROBLEMAS SOCIALES
650 4 _aJUDIOS
650 4 _aSIGLO DIECINUEVE
650 4 _aSIGLO VEINTE
650 4 _aINTOLERANCIA
650 4 _aDISCRIMINACION RELIGIOSA
651 4 _aFrancia
700 1 _aSolana, Guillermo
_etraductor
942 _cBK
998 _cMariana
999 _c12413
_d12413